My dearest Augusta: (Record no. 186784)

000 -LEADER
fixed length control field 00930 a2200169 4500
003 - CONTROL NUMBER IDENTIFIER
control field Nust
005 - DATE AND TIME OF LATEST TRANSACTION
control field 20230330112254.0
040 ## - CATALOGING SOURCE
Transcribing agency Nust
082 ## - DEWEY DECIMAL CLASSIFICATION NUMBER
Classification number 821.7,GUN
100 ## - MAIN ENTRY--PERSONAL NAME
Personal name Gunn, Peter.
9 (RLIN) 111580
245 ## - TITLE STATEMENT
Title My dearest Augusta:
Remainder of title a biography of Augusta Leigh, Lord Byron’s half-sister /
Statement of responsibility, etc. Peter Gunn,
260 ## - PUBLICATION, DISTRIBUTION, ETC.
Place of publication, distribution, etc. New York,
Name of publisher, distributor, etc. Atheneum,
Date of publication, distribution, etc. 1968.
300 ## - PHYSICAL DESCRIPTION
Extent 272 p. illus.,
Other physical details geneal. table,
Dimensions ports. 23 cm.
500 ## - GENERAL NOTE
General note Family Portraits (Page-11), A Child in Strange House (Page-26), Baby Byron and Love (Page-43), Marriage (Page-62), White Byron (Page-78), The Summery of the Sovereigns (Page-96), The Byron Marriage (Page-113), The Byron Debacle (Page-132), The Separation (Page-149), Stanzas to August (Page-163), Epistles to August (Page-183), Death and Count Manfred (Page-198), Byron’s Heir (Page-216), Medora Leigh (Page-236), Dearest August (Page-236),
650 ## - SUBJECT ADDED ENTRY--TOPICAL TERM
Topical term or geographic name entry element NOvel
9 (RLIN) 2525
942 ## - ADDED ENTRY ELEMENTS (KOHA)
Source of classification or shelving scheme
Koha item type Book
Call number prefix 821.7,GUN
Holdings
Withdrawn status Lost status Source of classification or shelving scheme Damaged status Not for loan Permanent Location Current Location Shelving location Date acquired Full call number Barcode Date last seen Price effective from Koha item type Public note
          Military College of Signals (MCS) Military College of Signals (MCS) General Stacks 12/12/2016 821.7,GUN MCS29263 12/08/2016 12/12/2016 Book Almirh No 75, Shelf No 4
© 2023 Central Library, National University of Sciences and Technology. All Rights Reserved.